00241nam a2200097Ia 4500008004100000100002000041245003900061260002100100942000700121999001500128190216s9999||||xx |||||||||||||| ||und|| aSanthi S Guptha 0aDraft Plan Of The Indian Education bAcharan Prakasan cBK c9497d9497